[Event "Plancoet 2014"]
[Site "?"]
[Date "2014.07.28"]
[Round "2.1"]
[White "Marholev, Dimitar"]
[Black "Maiorov, Nikita"]
[Result "0-1"]
[WhiteElo "2349"]
[BlackElo "2531"]
[PlyCount "70"]

1. d4 Nf6 2. Nf3 e6 3. c4 b6 4. g3 Bb7 5. Bg2 Bb4+ 6. Bd2 a5 7. O-O O-O 8. Bf4
Be7 9. d5 exd5 10. Nh4 c6 11. Nf5 dxc4 12. Nxe7+ Qxe7 13. Bd6 Qe6 14. Bxf8 Kxf8
15. e4 Na6 16. Nd2 b5 17. Re1 Nc5 18. e5 Nd5 19. Nf3 Qh6 20. Nd4 Ne7 21. e6
dxe6 22. Nxc6 Nd3 23. Ne5 Bxg2 24. Nxd3 cxd3 25. Kxg2 Rd8 26. Kh1 d2 27. Re3
Qf6 28. Qe2 Qxb2 29. Rd1 Qc2 30. Qf3 b4 31. g4 Nc6 32. g5 Nd4 33. Qh5 Rd5 34.
Rg3 Qe4+ 35. f3 Qc2 0-1

[Event "Plancoet 2014"]
[Site "?"]
[Date "2014.07.28"]
[Round "2.3"]
[White "Jessel, Stephen"]
[Black "Bryzgalin, Kiriil"]
[Result "1/2-1/2"]
[WhiteElo "2321"]
[BlackElo "2460"]
[PlyCount "32"]

1. Nf3 d5 2. c4 d4 3. g3 Nc6 4. Bg2 e5 5. O-O a5 6. d3 Nf6 7. e3 Be7 8. exd4
exd4 9. Na3 Nd7 10. Re1 Nc5 11. Nb5 O-O 12. Bf4 Ne6 13. Rxe6 fxe6 14. Bxc7 Qd7
15. Qe2 Bf6 16. Bf4 a4 1/2-1/2

[Event "Plancoet 2014"]
[Site "?"]
[Date "2014.07.28"]
[Round "2.4"]
[White "Filip, lucian"]
[Black "Rjabzev, konstantin"]
[Result "1-0"]
[WhiteElo "2458"]
[BlackElo "2308"]
[PlyCount "189"]

1. Nf3 Nf6 2. c4 e6 3. g3 d5 4. d4 Be7 5. Bg2 O-O 6. O-O dxc4 7. Qc2 a6 8. a4
Bd7 9. Rd1 Bc6 10. Nc3 Bxf3 11. Bxf3 Nc6 12. Bxc6 bxc6 13. Bg5 Rb8 14. Bxf6
Bxf6 15. Ne4 Rb4 16. e3 Qd5 17. Rac1 Be7 18. Nd2 c5 19. Nxc4 f5 20. Na5 Qd7 21.
b3 cxd4 22. Nc6 Rb7 23. Rxd4 Bd6 24. Qc4 Qf7 25. b4 Rb6 26. f4 Re8 27. e4 e5
28. fxe5 Qxc4 29. Rcxc4 Bxe5 30. Rd5 Bd6 31. Rxf5 g6 32. Rd5 Re6 33. a5 Rb5 34.
Rxb5 axb5 35. a6 bxc4 36. a7 Re8 37. Nb8 c3 38. a8=Q c2 39. Qa2+ Kg7 40. Qb2+
Be5 41. Qxc2 Rxb8 42. Qc4 Re8 43. b5 Re7 44. Kg2 h5 45. Qd5 Kf8 46. Kf3 Rf7+
47. Ke3 Re7 48. Kd3 Kg7 49. Kc4 Bf6 50. Qb7 Kf7 51. Qc6 Kg7 52. Qd5 Re5 53. Qc6
Re7 54. Kd3 Kf7 55. Ke3 Be5 56. Kf3 Kg7 57. Qd5 Rf7+ 58. Kg2 Re7 59. h4 Kf8 60.
Kh3 Kg7 61. g4 hxg4+ 62. Kxg4 Bf6 63. Qc6 Kf7 64. h5 gxh5+ 65. Kxh5 Re5+ 66.
Kg4 Re7 67. Kf5 Re5+ 68. Kf4 Re7 69. Qd5+ Ke8 70. Qf5 Bg7 71. Qc8+ Kf7 72. Ke3
Be5 73. Kd3 Bf6 74. Qd8 Bg7 75. Qd5+ Ke8 76. Kc4 Kf8 77. Qf5+ Ke8 78. Kd5 Rd7+
79. Kc6 Re7 80. Kb7 Be5 81. Kc8 Bg7 82. Qg6+ Kf8 83. Kd8 Rf7 84. Qe6 Bf6+ 85.
Kc8 Bg7 86. e5 Re7 87. Qf5+ Rf7 88. Qg5 Re7 89. Kd8 Rxe5 90. Qf4+ Kg8 91. Kxc7
Re7+ 92. Kd8 Rf7 93. Qc4 Kf8 94. Qc5+ Kg8 95. Qd5 1-0

[Event "Plancoet 2014"]
[Site "?"]
[Date "2014.07.28"]
[Round "2.5"]
[White "Bouget, Alexandre"]
[Black "Vedmediuc, Serghei"]
[Result "1/2-1/2"]
[WhiteElo "2287"]
[BlackElo "2430"]
[PlyCount "39"]

1. d4 g6 2. c4 Bg7 3. e4 d6 4. Nc3 Nc6 5. Be3 Nf6 6. f3 O-O 7. Qd2 a6 8. Nge2
Rb8 9. Nc1 e5 10. d5 Nd4 11. Nb3 Nxb3 12. axb3 c5 13. Bd3 Nh5 14. g4 Nf4 15.
Bxf4 exf4 16. Qxf4 Be5 17. Qd2 Qh4+ 18. Kd1 Qf6 19. Rf1 Qh4 20. Kc2 1/2-1/2

[Event "Plancoet 2014"]
[Site "?"]
[Date "2014.07.28"]
[Round "2.6"]
[White "Milchev, Nikolai"]
[Black "Bernard, Christophe"]
[Result "1-0"]
[WhiteElo "2424"]
[BlackElo "2259"]
[PlyCount "75"]

1. d4 Nf6 2. Bg5 c5 3. d5 Ne4 4. Bf4 Qb6 5. Bc1 g6 6. f3 Nf6 7. e4 d6 8. c4 Bg7
9. Ne2 O-O 10. Nec3 e6 11. Be2 exd5 12. cxd5 Nbd7 13. a4 a6 14. O-O Rb8 15. Na3
Qc7 16. Kh1 Ne8 17. Nc4 Ne5 18. Ne3 f5 19. f4 Nf7 20. exf5 gxf5 21. Bd3 Nh6 22.
Qc2 Qf7 23. Bd2 Bd7 24. a5 Nc7 25. Qb3 Qg6 26. Rf3 Qf6 27. Qb6 Na8 28. Qb3 Nc7
29. Rh3 Rfe8 30. Rf1 Re7 31. Qb6 Na8 32. Qb3 b5 33. axb6 Rxb6 34. Qc2 Bb5 35.
Nxb5 axb5 36. Bc3 Qf8 37. Bxg7 Kxg7 38. Nxf5+ 1-0

[Event "Plancoet 2014"]
[Site "?"]
[Date "2014.07.28"]
[Round "2.7"]
[White "Mevel, Alberic"]
[Black "Terrieux, Kevin"]
[Result "1/2-1/2"]
[WhiteElo "226"]
[BlackElo "2417"]
[PlyCount "85"]

1. e4 e5 2. Nf3 Nc6 3. d4 exd4 4. Nxd4 Qf6 5. Nxc6 Bc5 6. Qf3 Qxf3 7. gxf3 bxc6
8. Rg1 Ne7 9. Be3 Bxe3 10. fxe3 Rb8 11. b3 O-O 12. Nc3 d6 13. Bd3 f5 14. f4
fxe4 15. Nxe4 Bf5 16. Kd2 Nd5 17. Ng3 Bxd3 18. cxd3 c5 19. Ne2 a5 20. Nc3 Ne7
21. Ne4 a4 22. Rab1 axb3 23. Rxb3 Rxb3 24. axb3 Ra8 25. Nc3 Rb8 26. Kc2 Nf5 27.
Re1 Kf7 28. Ne4 Ra8 29. Nc3 Ke6 30. Kb2 Kd7 31. e4 Nd4 32. Ne2 Nc6 33. Rg1 g6
34. h4 Nb4 35. Nc1 Rf8 36. Rf1 Ke6 37. Kc3 d5 38. Ne2 Kd6 39. e5+ Kc6 40. d4
Na2+ 41. Kb2 Nb4 42. Kc3 Na2+ 43. Kb2 1/2-1/2

[Event "Plancoet 2014"]
[Site "?"]
[Date "2014.07.28"]
[Round "2.9"]
[White "Petre, Nad-Titus"]
[Black "Bianchi, Guillaume"]
[Result "1/2-1/2"]
[WhiteElo "2371"]
[BlackElo "2219"]
[PlyCount "76"]

1. d4 Nf6 2. Nf3 g6 3. g3 Bg7 4. Bg2 c5 5. c4 O-O 6. Nc3 cxd4 7. Nxd4 Nc6 8.
O-O Qa5 9. Nc2 d6 10. Bd2 Qh5 11. e4 Bg4 12. f3 Be6 13. Nd5 g5 14. Nce3 Rac8
15. Rc1 Rfe8 16. g4 Qg6 17. Nf5 Nd7 18. Be3 b6 19. Qd2 h6 20. h4 f6 21. b3 Bf7
22. h5 Qh7 23. Bf2 Bf8 24. Nc3 Red8 25. Nb5 Nc5 26. Nfd4 Nxd4 27. Nxd4 e6 28.
Rfd1 Be7 29. a3 Nb7 30. Kh1 Qg7 31. Qb4 Qf8 32. Nb5 Ra8 33. f4 e5 34. fxg5 fxg5
35. Rf1 Qg7 36. Rc2 Rd7 37. Nc3 Be6 38. Bf3 Rf8 1/2-1/2

[Event "Plancoet 2014"]
[Site "?"]
[Date "2014.07.28"]
[Round "2.10"]
[White "Angskog, Kent"]
[Black "Kukov, Velislav"]
[Result "0-1"]
[WhiteElo "2209"]
[BlackElo "2369"]
[PlyCount "72"]

1. Nf3 d5 2. c4 c6 3. e3 Nf6 4. Nc3 a6 5. a4 g6 6. d4 Bg7 7. Qb3 O-O 8. Be2 a5
9. O-O Na6 10. Bd2 Nb4 11. cxd5 cxd5 12. Nb5 Nc6 13. Bc3 Bg4 14. h3 Bxf3 15.
Bxf3 e6 16. Rfe1 Qd7 17. Rad1 Rfd8 18. g3 Ne7 19. Bg2 Nf5 20. Kh2 h5 21. e4
dxe4 22. d5 exd5 23. Bxf6 Bxf6 24. Bxe4 Nd4 25. Rxd4 Bxd4 26. Bxg6 Bxf2 27.
Bh7+ Kxh7 28. Qc2+ Kg8 29. Qxf2 Re8 30. Rf1 Ra6 31. Nd4 Rg6 32. Qf4 Re4 33. Qd2
h4 34. gxh4 Qd6+ 35. Kh1 Qg3 36. Nf3 Rxh4 0-1

[Event "Plancoet 2014"]
[Site "?"]
[Date "2014.08.04"]
[Round "1.3"]
[White "Bryzgalin, Kiriil"]
[Black "Kaulfuss, Helmut"]
[Result "1-0"]
[WhiteElo "2460"]
[BlackElo "2153"]
[PlyCount "81"]

1. c4 Nc6 2. Nc3 e5 3. e3 Nf6 4. a3 a5 5. Nf3 Be7 6. Qc2 O-O 7. b3 d6 8. Be2
Bg4 9. O-O Qd7 10. Bb2 Rfe8 11. d3 Bf8 12. Rac1 d5 13. cxd5 Nxd5 14. Ne4 f6 15.
Rfd1 Rad8 16. Nc5 Bxc5 17. Qxc5 Nb6 18. Qc2 Be6 19. Nd2 Qf7 20. Nc4 Nxc4 21.
bxc4 Ne7 22. d4 exd4 23. exd4 b6 24. Bf1 Qg6 25. Qd2 Nf5 26. Qf4 Qf7 27. d5 Bc8
28. c5 bxc5 29. Rxc5 Nd6 30. Rxa5 Bb7 31. Rc5 Re7 32. f3 Kh8 33. a4 Red7 34.
Qb4 Ra8 35. a5 Qf8 36. Bc1 Ba6 37. Bxa6 Rxa6 38. Bf4 g5 39. Rc6 Ra8 40. Rxc7
Rxc7 41. Bxd6 1-0

[Event "Plancoet 2014"]
[Site "?"]
[Date "2014.07.27"]
[Round "1.4"]
[White "Najart, David"]
[Black "Filip, Lucian"]
[Result "0-1"]
[WhiteElo "2150"]
[BlackElo "2458"]
[PlyCount "80"]

1. c4 Nf6 2. g3 g6 3. Bg2 Bg7 4. Nc3 O-O 5. Nf3 c5 6. d4 cxd4 7. Nxd4 Qc7 8. b3
d5 9. O-O dxc4 10. Ncb5 Qb6 11. bxc4 a6 12. Nc3 Rd8 13. e3 Nc6 14. Qb3 Qc7 15.
Nxc6 bxc6 16. Ba3 Ng4 17. Rad1 Be6 18. Na4 Rdb8 19. Qc2 Ne5 20. Rd4 Bf5 21. Qd2
Ng4 22. Rf4 Rd8 23. Rd4 Bxd4 24. exd4 Rab8 25. Nc5 Rb1 26. Rxb1 Bxb1 27. Nb3
Bf5 28. Bb4 Rb8 29. Ba5 Qd7 30. h3 Nf6 31. Qf4 Rc8 32. Kh2 Be6 33. Bf1 Qd6 34.
Qd2 Rb8 35. c5 Qd7 36. Qf4 Rc8 37. Bd2 Rd8 38. Be3 Nd5 39. Qf3 Nb4 40. Na5 Bxa2
0-1

[Event "Plancoet 2014"]
[Site "?"]
[Date "2014.07.27"]
[Round "1.5"]
[White "Vedmediuc, Serghei"]
[Black "Peyre, Thomas"]
[Result "1-0"]
[WhiteElo "2430"]
[BlackElo "2145"]
[PlyCount "51"]

1. e4 c5 2. Nf3 e6 3. d4 cxd4 4. Nxd4 a6 5. Nc3 Qc7 6. Bd3 Nf6 7. O-O b5 8. Re1
Bb7 9. e5 b4 10. exf6 bxc3 11. bxc3 gxf6 12. Rb1 Nc6 13. Be4 Be7 14. Bf4 Qc8
15. Qh5 Nd8 16. Bxb7 Nxb7 17. Nf5 Qxc3 18. Ng7+ Kd8 19. Qxf7 Nc5 20. Red1 e5
21. Be3 Rf8 22. Qd5 Ra7 23. Bxc5 Bxc5 24. Ne6+ Ke7 25. Nxc5 Rd8 26. Qd6+ 1-0

[Event "Plancoet 2014"]
[Site "?"]
[Date "2014.07.27"]
[Round "1.6"]
[White "Rouffignac, Tanguy"]
[Black "Milchev, Nikolay"]
[Result "0-1"]
[WhiteElo "2139"]
[BlackElo "2424"]
[PlyCount "108"]

1. e4 g6 2. d4 Bg7 3. Nc3 c6 4. h3 d6 5. Be3 Nf6 6. f4 O-O 7. Qf3 Qa5 8. Bd3
Na6 9. Nge2 Nb4 10. O-O d5 11. e5 Ne8 12. g4 Nxd3 13. cxd3 f5 14. Ng3 Nc7 15.
a3 Qa6 16. Qe2 Bd7 17. Rfc1 b5 18. b4 fxg4 19. hxg4 Qc8 20. g5 a5 21. Na2 Qb7
22. Rf1 Bh3 23. Rf2 Ne6 24. Rh2 Bf5 25. bxa5 Rxa5 26. Nb4 Qa8 27. Qb2 c5 28.
dxc5 d4 29. Nxf5 Rxf5 30. Qa2 Kf7 31. Bxd4 Rxf4 32. Rf2 Rxf2 33. Qxf2+ Ke8 34.
Rf1 Nxg5 35. Qg3 Ne6 36. Qf2 Nxd4 37. Qxd4 Rxa3 38. Qf4 Kd8 39. Qd4+ Ke8 40.
Qf4 Kd8 41. c6 Qa7+ 42. Kg2 Qc5 43. e6 Be5 44. Qe4 Bf6 45. Qd5+ Qxd5+ 46. Nxd5
Rxd3 47. c7+ Kc8 48. Rxf6 Rxd5 49. Rf7 Kxc7 50. Rxe7+ Kd6 51. Rxh7 Kxe6 52. Kf3
Rd7 53. Rh8 Rf7+ 54. Ke4 b4 0-1

[Event "Plancoet 2014"]
[Site "?"]
[Date "2014.07.27"]
[Round "1.7"]
[White "Terrieux, Kevin"]
[Black "Le Marec, Simon"]
[Result "1-0"]
[WhiteElo "2417"]
[BlackElo "2132"]
[PlyCount "57"]

1. d4 Nf6 2. c4 c5 3. d5 b5 4. cxb5 a6 5. b6 e6 6. Nc3 Nxd5 7. Nxd5 exd5 8.
Qxd5 Nc6 9. Nf3 Qf6 10. e4 Rb8 11. Bc4 Be7 12. O-O h6 13. Be3 Nb4 14. Qd2 O-O
15. a3 Nc6 16. e5 Qg6 17. Bd3 Qh5 18. Rac1 Rxb6 19. Rxc5 Rb3 20. Rd5 Rxd3 21.
Qxd3 Bb7 22. Rxd7 Ba8 23. Bf4 Qg4 24. Bg3 Bc5 25. b4 Bb6 26. Rd6 h5 27. Qxa6
Nxe5 28. Nxe5 Qe4 29. Nf3 1-0

[Event "Plancoet 2014"]
[Site "?"]
[Date "2014.07.27"]
[Round "1.8"]
[White "Théon, Pierre"]
[Black "Saada, Julien"]
[Result "1-0"]
[WhiteElo "2124"]
[BlackElo "2378"]
[PlyCount "95"]

1. Nf3 d5 2. c4 e6 3. g3 Nf6 4. Bg2 dxc4 5. Na3 Bxa3 6. bxa3 Nbd7 7. Qc2 O-O 8.
Bb2 c5 9. Qxc4 b5 10. Qc2 Bb7 11. O-O Qe7 12. a4 b4 13. d3 Rfc8 14. Nd2 Bxg2
15. Kxg2 e5 16. Rac1 h5 17. Nc4 h4 18. e4 Nh5 19. f4 hxg3 20. fxe5 gxh2 21. Qf2
Rc6 22. Nd6 Rf8 23. Nf5 Qe6 24. Qh4 Qg6+ 25. Kxh2 Re8 26. Rg1 Qh7 27. Rg5 g6
28. Rcg1 Nf4 29. Qxh7+ Kxh7 30. Nd6 Re7 31. R5g3 Nf8 32. Rf3 N8e6 33. Rg4 g5
34. Bc1 Nd4 35. Rfg3 Re6 36. Nxf7 Rh6+ 37. Nxh6 Rxh6+ 38. Kg1 Nde2+ 39. Kf2
Nxc1 40. Ke3 Ne6 41. Rf3 Kg7 42. Rg2 Rh1 43. Rf6 Nd4 44. Rxg5+ Kh7 45. e6 Nxe6
46. Rxe6 Rh3+ 47. Kd2 Nxd3 48. Rd5 1-0

[Event "Plancoet 2014"]
[Site "?"]
[Date "2014.07.27"]
[Round "1.9"]
[White "Manea, Alexandru"]
[Black "O'Donnell, Conor"]
[Result "1-0"]
[WhiteElo "2373"]
[BlackElo "2122"]
[PlyCount "95"]

1. Nf3 c6 2. c4 d5 3. e3 Nf6 4. d4 Bf5 5. Qb3 Qb6 6. c5 Qc7 7. Nc3 Nbd7 8. Nh4
Bg6 9. Nxg6 hxg6 10. g3 e5 11. Bg2 Be7 12. Bd2 O-O 13. O-O Nh7 14. Bxd5 Rad8
15. Rfd1 Ndf6 16. Bg2 exd4 17. exd4 Rxd4 18. Be3 Rxd1+ 19. Rxd1 Rd8 20. Rxd8+
Bxd8 21. Qd1 Nf8 22. b4 Ne6 23. Bh3 Be7 24. f4 Kf8 25. Qd3 Qd8 26. Qxd8+ Bxd8
27. Kf1 Ke7 28. Ke2 Ne8 29. Kd3 Kd7 30. Ne4 f5 31. Nd2 Bc7 32. Nf3 Nf6 33. a3
Nd5 34. Bf1 Nxe3 35. Kxe3 Nf8 36. Bc4 b6 37. Kd4 Ne6+ 38. Bxe6+ Kxe6 39. cxb6
axb6 40. a4 Bd6 41. Kc4 c5 42. a5 cxb4 43. a6 Bb8 44. Kxb4 Kd5 45. Kb5 Ba7 46.
Nh4 g5 47. Nxf5 gxf4 48. gxf4 1-0

[Event "Plancoet 2014"]
[Site "?"]
[Date "2014.07.27"]
[Round "1.10"]
[White "Dutreuil, Raphael"]
[Black "Petre, Nad-Titus"]
[Result "0-1"]
[WhiteElo "2118"]
[BlackElo "2371"]
[PlyCount "42"]

1. d4 e6 2. e4 d5 3. exd5 exd5 4. Bd3 Nc6 5. c3 Bd6 6. Ne2 Qf6 7. Be3 Nge7 8.
Qd2 Bf5 9. Bxf5 Nxf5 10. Bf4 O-O 11. O-O Rfe8 12. Ng3 Nce7 13. Bxd6 Nxd6 14.
Qd3 Ng6 15. Nd2 Nf4 16. Qc2 h5 17. Rfe1 h4 18. Nh1 h3 19. g3 Ng2 20. Rxe8+ Rxe8
21. Qd3 Nc4 0-1

[Event "Plancoet 2014"]
[Site "?"]
[Date "2014.07.29"]
[Round "3.1"]
[White "Maiorov, Nikita"]
[Black "Thomas, Anysia"]
[Result "1-0"]
[WhiteElo "2531"]
[BlackElo "1924"]
[PlyCount "43"]

1. d4 Nf6 2. c4 g6 3. Nf3 Bg7 4. g3 d5 5. cxd5 Nxd5 6. Bg2 Nb6 7. Nc3 Nc6 8. e3
O-O 9. O-O e5 10. d5 Ne7 11. e4 Bg4 12. a4 a5 13. Qb3 h6 14. Be3 Ra6 15. Rfc1
c6 16. Bc5 Nd7 17. Ba3 Rb6 18. Qa2 Re8 19. Nd2 cxd5 20. Bxe7 Rxe7 21. Nxd5 Be6
22. Rc8 1-0

[Event "Plancoet 2014"]
[Site "?"]
[Date "2014.07.29"]
[Round "3.2"]
[White "Dekker, Tobias"]
[Black "Gormally, Daniel"]
[Result "1-0"]
[WhiteElo "1940"]
[BlackElo "2502"]
[PlyCount "79"]

1. d4 Nf6 2. c4 e6 3. Nc3 Bb4 4. f3 d5 5. a3 Be7 6. e4 dxe4 7. fxe4 e5 8. Nf3
exd4 9. Qxd4 Qxd4 10. Nxd4 O-O 11. Ndb5 Na6 12. Bf4 c6 13. Nd6 Nc5 14. b4 Ne6
15. Be5 Ng4 16. Bg3 a5 17. b5 Bf6 18. Rc1 Bg5 19. Rb1 Ne3 20. Rb2 Rd8 21. h4
Be7 22. Rd2 Nd4 23. c5 Be6 24. Bf2 Nxf1 25. Rxf1 Nb3 26. Rd1 Bxd6 27. cxd6 Bc4
28. Bb6 Bxf1 29. Bxd8 Rxd8 30. Kxf1 Nc5 31. Kf2 f6 32. Ke3 Kf7 33. Kd4 Ne6+ 34.
Kc4 f5 35. bxc6 bxc6 36. Na4 Rb8 37. Nc5 Nf4 38. Rf1 Nh5 39. Rxf5+ Nf6 40. e5
1-0

[Event "Plancoet 2014"]
[Site "?"]
[Date "2014.07.29"]
[Round "3.3"]
[White "Lazov, Stefan"]
[Black "Filip, Lucian"]
[Result "0-1"]
[WhiteElo "1894"]
[BlackElo "2458"]
[PlyCount "54"]

1. d4 Nf6 2. Bg5 e6 3. e4 h6 4. Bxf6 Qxf6 5. c3 d5 6. e5 Qd8 7. Nf3 c5 8. a3
Nc6 9. b4 c4 10. Be2 Bd7 11. O-O Be7 12. Qc2 O-O 13. a4 a6 14. Nbd2 Rc8 15. h3
f5 16. exf6 Bxf6 17. Nh2 e5 18. b5 axb5 19. axb5 Ne7 20. dxe5 Bxe5 21. Ng4 Bf5
22. Qc1 Bb8 23. Nf3 Qd6 24. g3 h5 25. Ne3 Bxh3 26. Rd1 h4 27. Nxh4 Rxf2 0-1

[Event "Plancoet 2014"]
[Site "?"]
[Date "2014.07.29"]
[Round "3.4"]
[White "Chaignet, Lucas"]
[Black "Milchev, Nikolai"]
[Result "0-1"]
[WhiteElo "1671"]
[BlackElo "2424"]
[PlyCount "80"]

1. e4 Nf6 2. Nc3 e5 3. Nf3 Bb4 4. Bc4 d6 5. O-O O-O 6. Nd5 Nxd5 7. Bxd5 c6 8.
Bb3 Bg4 9. d3 Nd7 10. a3 Ba5 11. Be3 Bb6 12. Qe2 Kh8 13. h3 Bh5 14. g4 Bg6 15.
Nh2 Nc5 16. Ba2 Ne6 17. c3 Qh4 18. Bxe6 fxe6 19. Bxb6 axb6 20. Kg2 b5 21. Nf3
Qe7 22. Nd2 Rf4 23. f3 h5 24. Kg3 Raf8 25. Rf2 Kg8 26. Re1 d5 27. Rff1 c5 28.
b3 c4 29. bxc4 bxc4 30. dxc4 dxe4 31. fxe4 Qxa3 32. Qe3 hxg4 33. hxg4 Bxe4 34.
Rc1 Qe7 35. Qe2 Bf5 36. Rxf4 exf4+ 37. Kf3 Bg6 38. Rh1 Qf6 39. Rc1 e5 40. Ne4
Qh4 0-1

[Event "Plancoet 2014"]
[Site "?"]
[Date "2014.07.29"]
[Round "3.5"]
[White "Kukov, Velislav"]
[Black "Thomas, Apolline"]
[Result "1-0"]
[WhiteElo "2369"]
[BlackElo "1807"]
[PlyCount "47"]

1. d4 d5 2. Bf4 Nf6 3. c3 c5 4. e3 Nc6 5. Nd2 Bg4 6. Qb3 Qb6 7. dxc5 Qxb3 8.
axb3 e5 9. Bg3 Bxc5 10. b4 Bd6 11. Ngf3 Nd7 12. Be2 O-O 13. b5 Ne7 14. Nxe5
Nxe5 15. Bxe5 Bxe5 16. Bxg4 f5 17. Bd1 f4 18. e4 Rfc8 19. Bb3 Rd8 20. Nf3 Bc7
21. exd5 Kh8 22. Ng5 Re8 23. O-O-O Nf5 24. Nf7+ 1-0

[Event "Plancoet 2014"]
[Site "?"]
[Date "2014.07.29"]
[Round "3.6"]
[White "Bryzgalin, Kiriil"]
[Black "Strohl, Grégoire"]
[Result "1-0"]
[WhiteElo "2460"]
[BlackElo "1740"]
[PlyCount "59"]

1. e4 c5 2. Nf3 e6 3. d4 cxd4 4. Nxd4 Nf6 5. Nc3 d6 6. g4 h6 7. Bg2 Be7 8. h4
Nc6 9. g5 hxg5 10. Bxg5 a6 11. Qd2 Rb8 12. O-O-O Nxd4 13. Qxd4 e5 14. Qd2 Be6
15. Kb1 b5 16. f4 Qc7 17. f5 b4 18. Ne2 Bc4 19. Ng3 a5 20. Bf1 a4 21. Bxf6 gxf6
22. Bxc4 Qxc4 23. b3 axb3 24. cxb3 Qa6 25. Nf1 Kd7 26. Ne3 Rhc8 27. Nd5 Rb7 28.
h5 Ra8 29. h6 Rba7 30. h7 1-0

[Event "Plancoet 2014"]
[Site "?"]
[Date "2014.07.29"]
[Round "3.7"]
[White "Vedmediuc, Serghei"]
[Black "Mouhamad, Joachim"]
[Result "1/2-1/2"]
[WhiteElo "2430"]
[BlackElo "2224"]
[PlyCount "129"]

1. e4 c5 2. Nf3 Nc6 3. Nc3 g6 4. Bb5 Bg7 5. O-O Nd4 6. Nxd4 cxd4 7. Ne2 a6 8.
Ba4 b5 9. Bb3 e6 10. d3 Ne7 11. a4 Bb7 12. Bg5 Qb6 13. axb5 axb5 14. Rxa8+ Bxa8
15. Qd2 Nc6 16. f4 f5 17. exf5 gxf5 18. Ng3 O-O 19. Nh5 Na5 20. Ba2 h6 21. Bh4
Bh8 22. h3 Kf7 23. Kh2 b4 24. g4 b3 25. cxb3 Nxb3 26. Qc2 Bd5 27. gxf5 Rg8 28.
fxe6+ dxe6 29. Ng3 Bf6 30. Bxf6 Kxf6 31. Qe2 Qc7 32. Bxb3 Bxb3 33. Ne4+ Ke7 34.
Qf2 Qc2 35. Qxc2 Bxc2 36. Nc5 Rb8 37. Rf2 Bd1 38. Kg3 Rb5 39. Ne4 Rb3 40. Rd2
Bh5 41. Nf2 Bg6 42. Kf3 Bf5 43. h4 h5 44. Ne4 Bg4+ 45. Kf2 Bf5 46. Ng3 Bg4 47.
Ne2 Bxe2 48. Kxe2 Kf6 49. Kf2 Kg6 50. Ke2 Kf6 51. Kd1 Kf5 52. Kc2 Rb6 53. Re2
Rc6+ 54. Kb3 Kxf4 55. Re4+ Kf3 56. Kb4 Rb6+ 57. Ka3 Ra6+ 58. Kb3 Rb6+ 59. Kc2
Rc6+ 60. Kb1 Rb6 61. Rxd4 Ke3 62. Rd8 Rb4 63. Kc2 Rxh4 64. Re8 Kd4 65. Rxe6
1/2-1/2

[Event "Plancoet 2014"]
[Site "?"]
[Date "2014.07.29"]
[Round "3.8"]
[White "Terrieux, Kevin"]
[Black "Vaillant, Stephane"]
[Result "1-0"]
[WhiteElo "2417"]
[BlackElo "1939"]
[PlyCount "67"]

1. c4 e6 2. Nc3 d5 3. d4 Nf6 4. cxd5 exd5 5. Bg5 c6 6. Qc2 Be7 7. e3 Nbd7 8.
Bd3 O-O 9. Nf3 Re8 10. O-O Nf8 11. Ne5 Ng4 12. Bxe7 Qxe7 13. Nxg4 Bxg4 14. Rae1
Rad8 15. f4 Bc8 16. f5 f6 17. g4 Qd6 18. Rf3 Rd7 19. h4 Rde7 20. g5 Nd7 21. Qf2
a6 22. Rc1 Kh8 23. Ne2 c5 24. Ng3 c4 25. Bb1 b5 26. Nh5 a5 27. Rg3 b4 28. Kh1
Bb7 29. Rcg1 Rg8 30. Qg2 Bc6 31. Nf4 Bb7 32. Qf3 Nf8 33. Qh5 Rxe3 34. Ng6+ 1-0

[Event "Plancoet 2014"]
[Site "?"]
[Date "2014.07.29"]
[Round "3.9"]
[White "Manea, Alexandru"]
[Black "Schmouchkovitch, Michel"]
[Result "1-0"]
[WhiteElo "2373"]
[BlackElo "1932"]
[PlyCount "79"]

1. e4 e6 2. d4 d5 3. e5 c5 4. c3 Nc6 5. Nf3 Bd7 6. Be2 Nge7 7. Na3 cxd4 8. cxd4
Nf5 9. Nc2 Qb6 10. O-O Rc8 11. Rb1 Na5 12. b3 Bb5 13. g4 Ne7 14. Ba3 Ng6 15.
Bxb5+ Qxb5 16. Bxf8 Rxf8 17. Qd2 Kd7 18. h4 h6 19. h5 Ne7 20. Rbc1 Nac6 21.
Nfe1 a5 22. Nd3 b6 23. f4 f5 24. exf6 Rxf6 25. Kh2 Rcf8 26. Ne3 Qa6 27. Ne5+
Nxe5 28. dxe5 R6f7 29. Nc4 Rc8 30. Nd6 Rxc1 31. Rxc1 Rf8 32. Qc2 Qa7 33. f5 Qb8
34. a4 Qa7 35. Kh1 Qb8 36. Kh2 Qa7 37. Qd3 Nc6 38. fxe6+ Ke7 39. Rxc6 b5 40.
Nf5+ 1-0

[Event "Plancoet 2014"]
[Site "?"]
[Date "2014.07.29"]
[Round "3.10"]
[White "Van Rekom, Robert"]
[Black "Petre, Nad-Titus"]
[Result "0-1"]
[WhiteElo "1927"]
[BlackElo "2371"]
[PlyCount "76"]

1. e4 c5 2. b3 b6 3. Bb2 Bb7 4. Nc3 e6 5. Nf3 Nc6 6. Be2 Nf6 7. O-O Qb8 8. d4
cxd4 9. Nxd4 Bd6 10. h3 O-O 11. Bf3 Ne5 12. Re1 a6 13. Qe2 Rc8 14. Na4 Qc7 15.
c4 Bb4 16. Red1 Nxf3+ 17. gxf3 Bd6 18. Bc1 Rab8 19. Be3 Ba8 20. Rac1 Ba3 21.
Rb1 Be7 22. Nb2 d6 23. Nd3 g6 24. Bh6 e5 25. Nc2 b5 26. Ne3 bxc4 27. Nxc4 Bc6
28. Qd2 Qd7 29. Kh2 Qe6 30. Re1 Bd7 31. Rh1 Qxh3+ 32. Kg1 Qxf3 33. Ndxe5 dxe5
34. Nxe5 Qxe4 35. Re1 Qb4 36. Qe3 Bf8 37. Bxf8 Qxf8 38. Qg5 Qg7 0-1

[Event "Plancoet 2014"]
[Site "?"]
[Date "2014.07.29"]
[Round "4.1"]
[White "Milchev, Nikolai"]
[Black "Maiorov, Nikita"]
[Result "1/2-1/2"]
[WhiteElo "2424"]
[BlackElo "2531"]
[PlyCount "50"]

1. Nf3 Nf6 2. c4 b6 3. g3 Bb7 4. Bg2 e6 5. O-O Be7 6. d4 O-O 7. d5 exd5 8. Nh4
c6 9. cxd5 cxd5 10. Nc3 Na6 11. Nf5 Nc7 12. Ne3 Re8 13. Nexd5 Ncxd5 14. Nxd5
Bxd5 15. Bxd5 Nxd5 16. Qxd5 Bf6 17. e3 Rc8 18. Rd1 Rc2 19. Rb1 h6 20. Qb3 Qc7
21. Bd2 Rc4 22. Be1 Rd8 23. Rd5 Rc1 24. Rd1 Rc4 25. Rd5 Rc1 1/2-1/2

[Event "Plancoet 2014"]
[Site "?"]
[Date "2014.07.29"]
[Round "4.3"]
[White "Terrieux, Kevin"]
[Black "Dekker, Tobias"]
[Result "1-0"]
[WhiteElo "2417"]
[BlackElo "1940"]
[PlyCount "35"]

1. e4 c5 2. Nc3 Nc6 3. Bb5 Nd4 4. Bc4 g6 5. Nf3 Bg7 6. Nxd4 cxd4 7. Qf3 e6 8.
Nb5 d6 9. Qa3 Ke7 10. c3 dxc3 11. dxc3 a6 12. Be2 e5 13. Be3 axb5 14. Qxa8 f5
15. Rd1 Nf6 16. exf5 gxf5 17. Qa3 b6 18. Qa7+ 1-0

[Event "Plancoet 2014"]
[Site "?"]
[Date "2014.07.29"]
[Round "4.4"]
[White "Bouget, Alexandre"]
[Black "Bryzgalin, Kiriil"]
[Result "1/2-1/2"]
[WhiteElo "2287"]
[BlackElo "2460"]
[PlyCount "113"]

1. d4 d5 2. c4 c6 3. Nf3 Nf6 4. Nc3 a6 5. e3 Bf5 6. Bd3 Bxd3 7. Qxd3 e6 8. O-O
Nbd7 9. e4 dxe4 10. Nxe4 Nxe4 11. Qxe4 Be7 12. Bf4 O-O 13. Rfd1 Re8 14. Rd3 Rc8
15. Ne5 Nf8 16. c5 Ng6 17. Bg3 Nxe5 18. Bxe5 f6 19. Rh3 f5 20. Qe2 g6 21. Rb3
Qd7 22. Re1 Bf8 23. h4 Qf7 24. Rg3 h6 25. f4 Kh7 26. h5 gxh5 27. Rh3 Rcd8 28.
Kf2 Bg7 29. Reh1 Bxe5 30. Qxe5 Rd5 31. Qe3 Rg8 32. Rxh5 Rg6 33. Rd1 Rxg2+ 34.
Kxg2 Qxh5 35. Qxe6 Qg4+ 36. Kf2 Qxf4+ 37. Ke2 Qg4+ 38. Kf2 Qg7 39. b4 Rd7 40.
Kf1 Qf7 41. Qxf7+ Rxf7 42. d5 cxd5 43. Rxd5 Kg6 44. a4 Kg5 45. b5 axb5 46. axb5
Rc7 47. c6 bxc6 48. Rc5 h5 49. bxc6 Kg4 50. Kf2 f4 51. Rc1 h4 52. Rg1+ Kf5 53.
Rc1 h3 54. Kf3 Ke5 55. Rc5+ Kd6 56. Rh5 Rxc6 57. Kxf4 1/2-1/2

[Event "Plancoet 2014"]
[Site "?"]
[Date "2014.07.29"]
[Round "4.5"]
[White "Vavric, Pavel"]
[Black "Manea, Alexandru"]
[Result "1/2-1/2"]
[WhiteElo "2235"]
[BlackElo "2373"]
[PlyCount "73"]

1. e4 d5 2. exd5 Qxd5 3. Nc3 Qa5 4. d4 Nf6 5. Bc4 Bg4 6. f3 Bd7 7. Nge2 e6 8.
Be3 c5 9. dxc5 Bxc5 10. Bxc5 Qxc5 11. Qd4 Qxd4 12. Nxd4 a6 13. O-O-O Nc6 14.
Rhf1 Nxd4 15. Rxd4 O-O-O 16. Rfd1 Bc6 17. Rxd8+ Rxd8 18. Rxd8+ Kxd8 19. a4 g5
20. h3 h5 21. Kd2 Ke7 22. a5 h4 23. b4 Nh5 24. Ne2 f5 25. Bd3 Nf4 26. Nxf4 gxf4
27. c4 Bd7 28. Kc3 e5 29. Kd2 Kd6 30. Bc2 Ke6 31. Bb1 Bc6 32. Bc2 Bd7 33. Bd3
Kd6 34. Bc2 Ke7 35. Bd3 Ke6 36. Bc2 Bc6 37. Bd1 1/2-1/2